000 00948cam a2200301 a 4500
001 7307
003 BD-RjUL
005 20211208234409.0
008 140113s1997 nyu b 001 0 eng
020 _a0824793897 (alk. paper)
035 _a(BD-RjUL)7350
040 _aDLC
_cDLC
_dDLC
_dBD-RjUL
_beng
041 _aeng
082 0 0 _a352.4
_221
_bPUB 1997
245 0 0 _aPublic budgeting and finance /
_cedited by Robert T. Golembiewski, Jack Rabin.
250 _a4th ed., rev. and exp.
260 _aNew York :
_bMarcel Dekker,
_cc1997.
300 _axv, 1001 p. ;
_c26 cm.
504 _aIncludes bibliographical references and index.
650 0 _aBudget
_zUnited States.
_99302
650 0 _aBudget.
_922822
700 1 _aGolembiewski, Robert T.
_918141
700 1 _aRabin, Jack,
_d1945-
_916395
942 _2ddc
_cBK
999 _c7307
_d7307